00305nam a2200121Ia 4500008004100000100001900041245003100060260004300091300000900134650001600143942000700159999001700166190216s9999||||xx |||||||||||||| ||und|| aBanumurthy T S 0aAncient Indian Mathematics bNew Age International Publishersc1995 a214p aMathematics cBK c31217d31217